Statistics for Legal Super Smash Bros. for WiiU Stages

Click here to take the quiz!

General Stats

  • This quiz has been taken 25 times
  • The average score is 8 of 10

Answer Stats

Series Stage % Correct
Super Smash Bros.Battlefield
100%
Super Smash Bros.Final Destination
100%
Animal CrossingSmashville
94%
Super Smash Bros.Big Battlefield
94%
Animal CrossingTown and City
82%
StarFoxLylat Cruise
82%
KirbyDreamland 64
76%
Pokémon Pokémon Stadium 2
76%
————Miiverse
47%
MetroidPyrosphere
47%

Score Distribution

Percentile by Number Answered

Percent of People with Each Score

Your Score History

You have not taken this quiz